| 000 | 00512nam a2200181Ia 4500 | ||
|---|---|---|---|
| 999 |
_c8296 _d8296 |
||
| 003 | OSt | ||
| 005 | 20210715073025.0 | ||
| 008 | 151021s9999 xx 000 0 und d | ||
| 020 | _a761929169 | ||
| 040 |
_aMMU _beng _cMMU _dMMU |
||
| 050 | _aGN 345.M324 2005 | ||
| 245 |
_aCritical Ethnography method,ethics,and performance/ _cD,Soyini Madison |
||
| 260 |
_aLondon: _bSAGE publications, _c2005 |
||
| 300 | _axii, 247 p. : | ||
| 500 | _aincludes index | ||
| 650 | _aethnology ethics | ||
| 942 |
_2lcc _cLOAN LOAN |
||